|
|
|
|
| LEADER |
01640nam a2200313 u 4500 |
| 001 |
10001771 |
| 003 |
GR-PaULI |
| 005 |
20240208063306.0 |
| 008 |
881025s1992 us eng |
| 952 |
|
|
|0 0
|1 0
|2 ddc
|3 τ.1
|4 0
|6 Π_Σ_516_000000000000000_DUB
|7 0
|8 NFIC
|9 112270
|a LISP
|b LISP
|c REF
|d 2016-04-24
|i 073552
|l 0
|o Π/Σ 516 DUB
|p 025000042452
|r 2016-04-24 00:00:00
|t 1
|v 2016.00
|w 2016-04-24
|y BK15
|
| 952 |
|
|
|0 0
|1 0
|2 ddc
|3 τ.1
|4 0
|6 Π_Σ_516_000000000000000_DUB
|7 0
|8 NFIC
|9 112271
|a LISP
|b LISP
|c REF
|d 2016-04-24
|i 38780
|l 0
|o Π/Σ 516 DUB
|p 025000005863
|r 2016-04-24 00:00:00
|t 2
|v 2016.00
|w 2016-04-24
|y BK15
|
| 999 |
|
|
|c 75072
|d 75072
|
| 040 |
|
|
|a GR-PaULI
|c GR-PaULI
|b gre
|e AACR2
|
| 082 |
0 |
4 |
|a 516
|2 23
|
| 100 |
1 |
|
|a Dubrovin, B.A.
|9 105938
|e συγγραφέας.
|
| 245 |
1 |
0 |
|a Modern geometry-methods and applications /
|b
|c B.A. Dubrovin, A.T. Fomenko, S.P. Novikov ; translated by Robert G. Burns.
|c
|
| 250 |
|
|
|a 2nd ed.
|
| 260 |
|
|
|a New York :
|b Springer-Verlag,
|c 1992.
|
| 300 |
|
|
|a 3 τ. :
|b εικ. ;
|c 24 εκ.
|
| 490 |
1 |
|
|a Graduate texts in mathematics
|v 93.
|
| 500 |
|
|
|a τ. 1. - xv, 468 σ. - 1992 --
|
| 505 |
|
|
|a τ. 1. The geometry of surfaces, transformation groups, and fields -- τ. 2. The geometry and topology of manifolds -- τ. 3. Introduction to homology theory.
|
| 650 |
|
4 |
|a Γεωμετρία
|9 112
|
| 700 |
1 |
|
|a Burns, Robert G.
|9 107089
|e μεταφραστής.
|
| 700 |
1 |
|
|a Fomenko, A. T.
|9 172339
|e συγγραφέας.
|
| 700 |
1 |
|
|a Novikov, S. P.
|9 792
|d
|e συγγραφέας.
|q (Sergeĭ Petrovich)
|
| 830 |
|
0 |
|a Graduate texts in mathematics (Springer)
|v 93.
|9 165425
|
| 942 |
|
|
|2 ddc
|c BKN
|
| 998 |
|
|
|c ΜΠΟΥΡΑΣ
|d 2018-11
|